[Event "POL-chT U20 2nd League"]
[Site "Szczyrk"]
[Date "2017.07.26"]
[Round "7.93"]
[White "Partyka, Justyna"]
[Black "Walkowiak, Bogumila"]
[Result "0-1"]
[WhiteElo "1221"]
[BlackElo "1423"]
[PlyCount "166"]
[EventDate "2017.07.22"]
[EventType "team-swiss"]
[EventRounds "11"]
[EventCountry "POL"]
[SourceTitle "EXT 2019"]
[Source "ChessBase"]
[SourceDate "2018.10.10"]
[SourceVersion "1"]
[SourceVersionDate "2018.10.10"]
[SourceQuality "1"]

1. d4 d5 2. c4 e6 3. Nf3 Nf6 4. Bg5 Be7 5. e3 Nbd7 6. Nc3 0-0 7. Bd3 a6 8. cxd5 exd5 9. 0-0 c6 10. Qc2 h6 11. Bf4 Nb6 12. Ne5 Bd6 13. Qb3 Qc7 14. Be2 Nbd7 15. Nxd7 Qxd7 16. Na4 Qc7 17. Bxd6 Qxd6 18. Nc5 b5 19. Rac1 Bd7 20. Qa3 a5 21. Nxd7 Qxd7 22. Rc2 Rfc8 23. Rfc1 Qb7 24. Qd6 Ne4 25. Qf4 a4 26. Bh5 b4 27. f3 b3 28. axb3 axb3 29. Re2 Nf6 30. Bg4 Nxg4 31. Qxg4 Qb5 32. Rd2 c5 33. Qf5 c4 34. e4 Rd8 35. e5 Qb6 36. f4 Ra2 37. h3 Rda8 38. Kf1 Ra1 39. Rxa1 Rxa1+ 40. Ke2 Qa6 41. Kf2 Ra2 42. Ke3 Qc6 43. Qb1 Qa6 44. Qe1 Ra1 45. Rd1 Ra2 46. Rb1 Qb5 47. Qc1 Qb4 48. Qd2 Qb6 49. g4 Qg6 50. f5 Qg5+ 51. Ke2 Qh4 52. Qe3 Qe7 53. Qf3 Qb7 54. Kd2 Qb4+ 55. Qc3 Qb6 56. Qc1 Qxd4+ 57. Ke2 Qxe5+ 58. Qe3 Qxe3+ 59. Kxe3 Kf8 60. Kd4 Ra5 61. Re1 f6 62. Re6 Kf7 63. Re1 g6 64. fxg6+ Kxg6 65. Re6 Kf7 66. Re1 Rb5 67. Re2 Kg6 68. Re6 Kg5 69. h4+ Kxh4 70. Rxf6 Kxg4 71. Rxh6 Kf5 72. Rh5+ Ke6 73. Rh6+ Kd7 74. Rg6 Kc7 75. Rh6 Kb7 76. Rg6 Rb6 77. Rg7+ Ka6 78. Kxd5 c3 79. bxc3 b2 80. Rg1 b1Q 81. Rxb1 Rxb1 82. Kc5 Rc1 83. Kc4 Kb6 0-1

[Event "POL-chT U20 2nd League"]
[Site "Szczyrk"]
[Date "2017.07.26"]
[Round "6.82"]
[White "Walkowiak, Bogumila"]
[Black "Wasala, Wiktoria"]
[Result "1/2-1/2"]
[WhiteElo "1423"]
[BlackElo "1451"]
[PlyCount "128"]
[EventDate "2017.07.22"]
[EventType "team-swiss"]
[EventRounds "11"]
[EventCountry "POL"]
[SourceTitle "EXT 2019"]
[Source "ChessBase"]
[SourceDate "2018.10.10"]
[SourceVersion "1"]
[SourceVersionDate "2018.10.10"]
[SourceQuality "1"]

1. e4 Nf6 2. e5 Nd5 3. d4 d6 4. c4 Nb6 5. exd6 exd6 6. h3 Be7 7. Nf3 Bf5 8. Be2 0-0 9. Nc3 Nc6 10. Be3 Re8 11. 0-0 Bf6 12. b3 h6 13. Rc1 a5 14. a3 Bg6 15. Qd2 Ne7 16. Bd3 Bh5 17. Nh2 d5 18. c5 Nd7 19. Ne2 Bg6 20. Nf4 Bxd3 21. Qxd3 Bg5 22. Rfe1 Nf6 23. Nf3 Bxf4 24. Bxf4 Ne4 25. Nd2 Ng6 26. Bh2 Qh4 27. Nxe4 dxe4 28. Qg3 Re7 29. d5 Qxg3 30. Bxg3 f5 31. d6 cxd6 32. Bxd6 Ree8 33. Rc4 Ne5 34. Bxe5 Rxe5 35. c6 bxc6 36. Rxc6 Rb8 37. Rc3 Reb5 38. Rb1 Kf7 39. f3 Kf6 40. Kf2 Ke5 41. Ke3 f4+ 42. Ke2 e3 43. g3 g5 44. g4 Rd8 45. Rd3 Rc8 46. Rb2 Rbc5 47. b4 axb4 48. axb4 Rc2+ 49. Rxc2 Rxc2+ 50. Kd1 Rb2 51. Rd8 Rxb4 52. Re8+ Kd4 53. Kc2 Rc4+ 54. Kd1 Kd3 55. Rd8+ Rd4 56. Re8 Kc3+ 57. Ke1 Kd3 58. Re7 Rd6 59. Re8 Kc2 60. Rc8+ Kd3 61. Re8 Kc2 62. Rc8+ Kd3 63. Re8 Kc2 64. Rc8+ Kd3 1/2-1/2

[Event "POL-chT U20 2nd League"]
[Site "Szczyrk"]
[Date "2017.07.24"]
[Round "4.88"]
[White "Walkowiak, Bogumila"]
[Black "Dixa, Joanna"]
[Result "1-0"]
[WhiteElo "1423"]
[BlackElo "1301"]
[PlyCount "49"]
[EventDate "2017.07.22"]
[EventType "team-swiss"]
[EventRounds "11"]
[EventCountry "POL"]
[SourceTitle "EXT 2019"]
[Source "ChessBase"]
[SourceDate "2018.10.10"]
[SourceVersion "1"]
[SourceVersionDate "2018.10.10"]
[SourceQuality "1"]

1. e4 d6 2. d4 Nf6 3. Nc3 g6 4. f3 Bg7 5. Be3 0-0 6. Qd2 Na6 7. g4 c5 8. 0-0-0 b6 9. h4 Nc7 10. h5 Bd7 11. hxg6 fxg6 12. Bc4+ e6 13. e5 Nfe8 14. Qh2 d5 15. Qxh7+ Kf7 16. Bd3 Rh8 17. Qxg6+ Kf8 18. Rxh8+ Bxh8 19. Nh3 c4 20. Ng5 Qe7 21. Nh7+ Qxh7 22. Qxh7 Bg7 23. Bg6 Ke7 24. Bg5+ Kf8 25. Bh6 1-0

[Event "POL-chT U20 2nd League"]
[Site "Szczyrk"]
[Date "2017.07.22"]
[Round "1.11"]
[White "Moscicka, Pola"]
[Black "Walkowiak, Bogumila"]
[Result "1-0"]
[WhiteElo "1803"]
[BlackElo "1423"]
[PlyCount "105"]
[EventDate "2017.07.22"]
[EventType "team-swiss"]
[EventRounds "11"]
[EventCountry "POL"]
[SourceTitle "EXT 2019"]
[Source "ChessBase"]
[SourceDate "2018.10.10"]
[SourceVersion "1"]
[SourceVersionDate "2018.10.10"]
[SourceQuality "1"]

1. e4 e5 2. Nf3 Nc6 3. Bb5 a6 4. Ba4 Nf6 5. d3 b5 6. Bb3 Be7 7. 0-0 d6 8. a4 Bb7 9. Nc3 b4 10. Ne2 Na5 11. Ba2 c5 12. Ng3 0-0 13. Nf5 Bc8 14. Ne3 Be6 15. Bd2 Qc7 16. Re1 Rab8 17. Nc4 Nxc4 18. Bxc4 Bxc4 19. dxc4 Nd7 20. Be3 Qc6 21. Qd2 f5 22. Bg5 Rbe8 23. Rad1 fxe4 24. Bxe7 Rxe7 25. Ng5 Nb6 26. b3 Nc8 27. Nxe4 Re6 28. Qd5 Qxd5 29. Rxd5 Nb6 30. Rxd6 Rxd6 31. Nxd6 Nd7 32. Ne4 Kf7 33. Rd1 Ke7 34. f3 Rc8 35. Rd5 Rc6 36. Kf2 h6 37. Ke3 Ke6 38. a5 Ke7 39. Ng3 g6 40. Ne4 Ke6 41. g3 Ke7 42. Nf2 Ke6 43. Nd3 Rc8 44. f4 e4 45. Nf2 Nf6 46. Re5+ Kd7 47. h3 Rc6 48. Nxe4 Nxe4 49. Kxe4 Kd6 50. g4 Rc8 51. Rd5+ Ke6 52. f5+ gxf5+ 53. gxf5+ 1-0

[Event "POL-chT U19 Wielkopolskie"]
[Site "Poland"]
[Date "2016.04.03"]
[Round "8.23"]
[White "Jasinska, Patrycja"]
[Black "Walkowiak, Bogumila"]
[Result "0-1"]
[WhiteElo "1162"]
[BlackElo "1337"]
[PlyCount "100"]
[EventDate "2016.02.13"]
[EventType "team-tourn"]
[EventRounds "9"]
[EventCountry "POL"]
[SourceTitle "EXT 2019"]
[Source "ChessBase"]
[SourceDate "2018.10.10"]
[SourceVersion "1"]
[SourceVersionDate "2018.10.10"]
[SourceQuality "1"]

1. e4 e5 2. Bc4 Bc5 3. Nc3 Nc6 4. d3 d6 5. Nf3 h6 6. Be3 Bb6 7. Nd5 Nf6 8. Nxb6 axb6 9. 0-0 Bg4 10. h3 Bh5 11. a3 0-0 12. b4 Qe7 13. g4 Bg6 14. Nh4 Kh7 15. f4 exf4 16. Rxf4 Ne5 17. Bb3 Rad8 18. Qd2 d5 19. Nf5 Bxf5 20. exf5 c5 21. d4 Ned7 22. c3 Qd6 23. Re1 Ne4 24. Qc1 c4 25. Bc2 Ndf6 26. Bxe4 Nxe4 27. h4 f6 28. Kg2 Ra8 29. Rg1 Rfc8 30. Kh3 b5 31. Kg2 Qa6 32. Kf3 Qxa3 33. Qxa3 Rxa3 34. Rc1 Nxc3 35. Re1 Ne4 36. Kg2 Rb3 37. Rf3 Rxb4 38. Bc1 Ra4 39. Kh1 b4 40. Kg2 c3 41. Bb2 Rc4 42. Bxc3 bxc3 43. Rc1 Rxd4 44. Re3 c2 45. Re2 Rd2 46. Rxd2 Nxd2 47. Kf2 Rc4 48. Ke2 Nb3 49. Rf1 c1Q 50. Rxc1 Rxc1 0-1

[Event "POL-ch U18 Girls"]
[Site "Szklarska Poreba"]
[Date "2016.03.18"]
[Round "7"]
[White "Walkowiak, Bogumila"]
[Black "Glapa, Anna"]
[Result "1/2-1/2"]
[WhiteElo "1265"]
[BlackElo "1716"]
[PlyCount "83"]
[EventDate "2016.03.13"]
[EventType "swiss"]
[EventRounds "9"]
[EventCountry "POL"]
[SourceTitle "EXT 2018"]
[Source "ChessBase"]
[SourceDate "2017.10.13"]
[SourceVersion "1"]
[SourceVersionDate "2017.10.13"]
[SourceQuality "1"]

1. e4 c5 2. Nf3 Nc6 3. d4 cxd4 4. Nxd4 Nf6 5. Nc3 d6 6. Be2 e5 7. Nb3 Be7 8. Be3 0-0 9. 0-0 a5 10. a4 Nb4 11. f4 exf4 12. Rxf4 Nd7 13. Rf1 Ne5 14. Nd5 Nxd5 15. Qxd5 Qc7 16. Nd4 Bd7 17. c3 Bc6 18. Nxc6 Nxc6 19. Rad1 Ne5 20. Kh1 Qd7 21. Qb5 Qe6 22. Qd5 Qc8 23. Bf4 Ng6 24. Bxd6 Bxd6 25. Qxd6 Qe8 26. Qd4 Rd8 27. Qxd8 Qxd8 28. Rxd8 Rxd8 29. Rd1 Rxd1+ 30. Bxd1 Nf4 31. Kg1 Kf8 32. Kf1 Ke7 33. g3 Nd3 34. b3 Kd6 35. Bc2 Ne5 36. Ke2 h6 37. h3 Nd7 38. Ke3 Ke5 39. Kf3 Nc5 40. Ke3 b6 41. Kf3 Ne6 42. h4 1/2-1/2

[Event "POL-chT U19 Wielkopolskie"]
[Site "Poland"]
[Date "2016.02.13"]
[Round "2.5"]
[White "Wawrzyniak, Weronika"]
[Black "Walkowiak, Bogumila"]
[Result "1-0"]
[WhiteElo "1315"]
[BlackElo "1337"]
[PlyCount "123"]
[EventDate "2016.02.13"]
[EventType "team-tourn"]
[EventRounds "9"]
[EventCountry "POL"]
[SourceTitle "EXT 2019"]
[Source "ChessBase"]
[SourceDate "2018.10.10"]
[SourceVersion "1"]
[SourceVersionDate "2018.10.10"]
[SourceQuality "1"]

1. e4 e5 2. Nf3 Nc6 3. Bb5 Bc5 4. 0-0 d6 5. h3 Bd7 6. c3 a6 7. Ba4 b5 8. Bb3 Nf6 9. Re1 Bb6 10. d4 h6 11. Be3 0-0 12. Nbd2 Re8 13. Bc2 Rc8 14. b4 a5 15. d5 Ne7 16. a4 Ra8 17. axb5 Bxb5 18. c4 Bxe3 19. Rxe3 Bd7 20. b5 Ra7 21. Rea3 Qa8 22. Nb3 a4 23. Nbd2 Nc8 24. Rxa4 Rxa4 25. Rxa4 Qb7 26. Ra1 Nb6 27. Bd3 Rf8 28. Qc2 Bc8 29. Nb3 Bd7 30. Nfd2 Ra8 31. Qc1 Ra7 32. Ra5 Qa8 33. Qa3 Rxa5 34. Qxa5 Qxa5 35. Nxa5 Kf8 36. f3 Nh5 37. Kf2 Nf4 38. Bf1 f5 39. g3 Ng6 40. Ndb3 fxe4 41. fxe4 Ke7 42. Nc6+ Kf6 43. c5 dxc5 44. Nxc5 Bxc6 45. bxc6 Nf8 46. Na6 Na8 47. h4 g5 48. hxg5+ hxg5 49. Bh3 Ke7 50. Kf3 Nh7 51. Kg4 Nf6+ 52. Kf5 Nh7 53. Bg4 Kd6 54. Kg6 Nf8+ 55. Kxg5 Nb6 56. Bf5 Nc4 57. Kf6 Ne3 58. g4 Nxf5 59. Kxf5 Nh7 60. Nxc7 Kxc7 61. Kxe5 Nf8 62. g5 1-0

[Event "POL-chT U19 2nd League"]
[Site "Szczyrk"]
[Date "2014.07.29"]
[Round "7.124"]
[White "Wloch, Dominika"]
[Black "Walkowiak, Bogumila"]
[Result "0-1"]
[WhiteElo "1235"]
[BlackElo "1240"]
[PlyCount "58"]
[EventDate "2014.07.25"]
[EventType "team-swiss"]
[EventRounds "11"]
[EventCountry "POL"]
[SourceTitle "EXT 2015"]
[Source "ChessBase"]
[SourceDate "2014.11.20"]
[SourceVersion "1"]
[SourceVersionDate "2014.11.20"]
[SourceQuality "1"]
[WhiteTeam "Bydgoszcz Chemik U19"]
[BlackTeam "Poznan Politechnika U19"]
[WhiteTeamCountry "POL"]
[BlackTeamCountry "POL"]

1. e4 e5 2. Nf3 Nc6 3. Bc4 Bc5 4. c3 Nf6 5. d4 exd4 6. cxd4 Bb4+ 7. Bd2 Bxd2+ 8. Nbxd2 d5 9. exd5 Nxd5 10. 0-0 0-0 11. Re1 Nb6 12. Bb5 Nxd4 13. Nxd4 Qxd4 14. Qe2 Be6 15. Nf3 Qf6 16. Rac1 c6 17. Bd3 Rfd8 18. b3 Nd5 19. Qd2 Nf4 20. Rc3 Rd7 21. Re4 Nxd3 22. Rxd3 Rxd3 23. Qxd3 Bf5 24. h3 Qg6 25. Nd2 Bxe4 26. Nxe4 Re8 27. f3 Qe6 28. Nd6 Rd8 29. Qf5 Qxd6 0-1

[Event "POL-chT U19 2nd League"]
[Site "Szczyrk"]
[Date "2014.07.25"]
[Round "1.107"]
[White "Walkowiak, Bogumila"]
[Black "Konopacka, Martyna"]
[Result "0-1"]
[WhiteElo "1240"]
[BlackElo "1715"]
[PlyCount "80"]
[EventDate "2014.07.25"]
[EventType "team-swiss"]
[EventRounds "11"]
[EventCountry "POL"]
[SourceTitle "EXT 2015"]
[Source "ChessBase"]
[SourceDate "2014.11.20"]
[SourceVersion "1"]
[SourceVersionDate "2014.11.20"]
[SourceQuality "1"]
[WhiteTeam "Poznan Politechnika U19"]
[BlackTeam "Jaworzno JKSz MCKiS U19"]
[WhiteTeamCountry "POL"]
[BlackTeamCountry "POL"]

1. e4 e5 2. Nf3 Nc6 3. Bc4 Bc5 4. c3 Nf6 5. d3 a6 6. Bb3 0-0 7. 0-0 d6 8. h3 Ba7 9. Nbd2 Ne7 10. Re1 Ng6 11. Nf1 h6 12. Ng3 Nh7 13. d4 Be6 14. Bc2 Kh8 15. Be3 c6 16. b3 Qc7 17. Qe2 b5 18. c4 bxc4 19. bxc4 exd4 20. Bxd4 Ng5 21. Bxa7 Nxf3+ 22. Qxf3 Rxa7 23. Bb3 a5 24. a4 Rb7 25. Qc3 Qb6 26. Rab1 Qc5 27. Rec1 Rb4 28. Nf1 f5 29. exf5 Bxf5 30. Rb2 Ne5 31. Ne3 Nd3 32. Nxf5 Qxf5 33. Rcb1 Nxb2 34. Rxb2 Qf6 35. Qd2 Rfb8 36. Qc2 Qd4 37. Rb1 Qb6 38. Re1 Rxb3 39. Qg6 Rb1 40. Rxb1 Qxb1+ 0-1